| 000 | 00604cam a2200181 4500 | ||
|---|---|---|---|
| 008 | 181214n 000 0 eng u | ||
| 020 | _a9781904798743 | ||
| 035 | _a(Sirsi) a209539 | ||
| 050 | _aRG 480.S7 POL 2007 | ||
| 245 |
_aPolycystic ovary syndrome/ _bedited Gautam N. Allahbadia, Rina Agrawal, Rubina Merchant |
||
| 260 |
_aKent: _bAnshan Ltd, _c2007 |
||
| 300 |
_axxiii, 497 pages: _billustrations |
||
| 504 | _aIncludes index | ||
| 650 | _aPolycystic ovary syndrome | ||
| 650 | _aPolycystic ovary syndrome -- Etiology. | ||
| 700 | _aAllahbadia, Gautam | ||
| 700 | _aAgrawal, Rina Rameshwardas | ||
| 999 |
_c897 _d897 |
||